[Event "Hastings Masters 2019/20"]
[Site "Hastings"]
[Date "2020.01.03"]
[Round "7.15"]
[White "Howell, David W L"]
[Black "Graham, David B"]
[Result "1-0"]
[WhiteElo "2676"]
[BlackElo "2152"]
[PlyCount "79"]
[EventDate "2019.12.28"]
[EventType "swiss"]
[EventRounds "9"]
[EventCountry "ENG"]

1. g3 g6 2. Bg2 Bg7 3. d4 d6 4. e4 Nf6 5. Ne2 O-O 6. O-O Nc6 7. c4 e5 8. d5 Na5
9. Qa4 b6 10. b4 Bd7 11. Qc2 Nb7 12. Bb2 Nh5 13. Nd2 f5 14. exf5 gxf5 15. f4
Qe8 16. Rae1 a5 17. a3 axb4 18. axb4 c5 19. dxc6 Bxc6 20. Bxc6 Qxc6 21. fxe5
Qa4 22. Qxa4 Rxa4 23. Nc3 Ra7 24. e6 Bd4+ 25. Kg2 Ng7 26. Nb5 Bxb2 27. Nxa7 Bc3
28. Rf2 Bxb4 29. Nc6 Bc5 30. Ne7+ Kh8 31. Rfe2 Ra8 32. Nd5 Ra2 33. Nf3 Rxe2+
34. Rxe2 Ne8 35. Nh4 Na5 36. Nxf5 Nxc4 37. Ra2 Na5 38. Ra4 Kg8 39. Rg4+ Kf8 40.
Nh6 1-0

[Event "Hastings Masters 2019/20"]
[Site "Hastings"]
[Date "2020.01.03"]
[Round "7.17"]
[White "Gallagher, Daniel GH"]
[Black "Swayams, Mishra"]
[Result "0-1"]
[WhiteElo "2171"]
[BlackElo "2479"]
[PlyCount "66"]
[EventDate "2019.12.28"]
[EventType "swiss"]
[EventRounds "9"]
[EventCountry "ENG"]

1. e4 e6 2. d4 d5 3. Nd2 c5 4. Ngf3 Nf6 5. e5 Nfd7 6. c3 Nc6 7. Bd3 Be7 8. O-O
g5 9. dxc5 g4 10. Nd4 Ndxe5 11. N2b3 Nxd3 12. Qxd3 e5 13. Nxc6 bxc6 14. Bh6 f6
15. Rfe1 Kf7 16. c4 Be6 17. cxd5 Qxd5 18. Qe2 Rhd8 19. Rad1 Qc4 20. Qe3 Rxd1
21. Rxd1 a5 22. Rc1 Qd5 23. Qc3 a4 24. Na5 Bf5 25. Be3 Be4 26. Nc4 Rd8 27. Nb6
Qxa2 28. Qc4+ Qxc4 29. Nxc4 Bd5 30. Nb6 Bb3 31. Kf1 f5 32. g3 Bf6 33. Ke2 f4
0-1

[Event "Hastings Masters 2019/20"]
[Site "Hastings"]
[Date "2020.01.03"]
[Round "7.19"]
[White "Balaji, Aaravamudhan"]
[Black "Rudd, Jack"]
[Result "1-0"]
[WhiteElo "2050"]
[BlackElo "2331"]
[PlyCount "67"]
[EventDate "2019.12.28"]
[EventType "swiss"]
[EventRounds "9"]
[EventCountry "ENG"]

1. d4 Nf6 2. c4 g6 3. Nc3 Bg7 4. e4 d6 5. Be2 O-O 6. Be3 e5 7. d5 c5 8. g4 Na6
9. g5 Ne8 10. h4 f5 11. gxf6 Nxf6 12. h5 Qb6 13. Qd2 Ng4 14. hxg6 hxg6 15. Bxg4
Bxg4 16. Nge2 Nb4 17. O-O-O Qa6 18. b3 b5 19. cxb5 Qa5 20. Kb2 c4 21. bxc4 Rfc8
22. c5 dxc5 23. a3 c4 24. axb4 Qxb4+ 25. Ka1 Bxe2 26. Nxe2 c3 27. Qa2 Qxe4 28.
d6+ Kf8 29. d7 Rc4 30. d8=Q+ Rxd8 31. Rxd8+ Ke7 32. Bg5+ Bf6 33. Qxa7+ Kxd8 34.
Rh8# 1-0

[Event "Hastings Masters 2019/20"]
[Site "Hastings"]
[Date "2020.01.03"]
[Round "7.53"]
[White "Miller, George"]
[Black "Thatte, Nandinee"]
[Result "1-0"]
[WhiteElo "1845"]
[BlackElo "1270"]
[PlyCount "103"]
[EventDate "2019.12.28"]
[EventType "swiss"]
[EventRounds "9"]
[EventCountry "ENG"]

1. Nf3 Nf6 2. g3 d5 3. d4 Bf5 4. Nh4 Bd7 5. Bg2 Nc6 6. O-O e6 7. Nf3 Bd6 8. Nc3
Ne7 9. Bg5 h6 10. Bxf6 gxf6 11. e4 c6 12. a3 Qc7 13. Re1 Ng6 14. exd5 cxd5 15.
Nxd5 Qd8 16. c4 b6 17. b4 Rb8 18. c5 bxc5 19. dxc5 Be7 20. Nxe7 Nxe7 21. Qd2
Qc7 22. Nd4 Kf8 23. c6 Bc8 24. Rac1 a6 25. Nb3 Kg7 26. Red1 Nf5 27. Rc4 e5 28.
Rg4+ Kh7 29. Be4 Rg8 30. Rxg8 Kxg8 31. Qd8+ Qxd8 32. Rxd8+ Kg7 33. Bxf5 Bxf5
34. Rxb8 Be6 35. c7 Kg6 36. c8=Q Bxc8 37. Rxc8 a5 38. Nc5 a4 39. Ne4 f5 40.
Rc6+ Kg7 41. Nf6 e4 42. b5 e3 43. fxe3 Kg6 44. h4 Kg7 45. h5 Kh8 46. g4 f4 47.
e4 f3 48. e5 f2+ 49. Kxf2 Kg7 50. Ke3 Kh8 51. Rc8+ Kg7 52. Rg8# 1-0

[Event "Hastings Masters 2019/20"]
[Site "Hastings"]
[Date "2020.01.04"]
[Round "8.2"]
[White "Edouard, Romain"]
[Black "Petrov, Martin"]
[Result "1/2-1/2"]
[WhiteElo "2653"]
[BlackElo "2497"]
[PlyCount "31"]
[EventDate "2019.12.28"]
[EventType "swiss"]
[EventRounds "9"]
[EventCountry "ENG"]

1. Nf3 c5 2. b3 Nf6 3. c4 Nc6 4. Bb2 e6 5. g3 Be7 6. Bg2 O-O 7. O-O d5 8. cxd5
Nxd5 9. Nc3 Bf6 10. Qc1 b6 11. Nxd5 exd5 12. d4 Ba6 13. Re1 Nxd4 14. Nxd4 cxd4
15. Qd2 Re8 16. Bxd4 1/2-1/2

[Event "Hastings Masters 2019/20"]
[Site "Hastings"]
[Date "2020.01.04"]
[Round "8.7"]
[White "Lalic, Bogdan"]
[Black "Howell, David W L"]
[Result "1/2-1/2"]
[WhiteElo "2414"]
[BlackElo "2676"]
[PlyCount "45"]
[EventDate "2019.12.28"]
[EventType "swiss"]
[EventRounds "9"]
[EventCountry "ENG"]

1. d4 Nf6 2. c4 g6 3. Nc3 d5 4. Nf3 Bg7 5. Bg5 Ne4 6. Bf4 Nxc3 7. bxc3 c5 8.
cxd5 Qxd5 9. e3 cxd4 10. cxd4 Nc6 11. Be2 Qa5+ 12. Qd2 O-O 13. Qxa5 Nxa5 14.
O-O Bf5 15. Rfc1 Rac8 16. h3 Nc6 17. g4 Be4 18. Nd2 Bd5 19. Bf3 Bxf3 20. Nxf3
Rfd8 21. Rab1 b6 22. Kf1 Na5 23. Bc7 1/2-1/2

[Event "Hastings Masters 2019/20"]
[Site "Hastings"]
[Date "2020.01.04"]
[Round "8.9"]
[White "Yao, Lan"]
[Black "Korneev, Oleg"]
[Result "0-1"]
[WhiteElo "2281"]
[BlackElo "2524"]
[PlyCount "114"]
[EventDate "2019.12.28"]
[EventType "swiss"]
[EventRounds "9"]
[EventCountry "ENG"]

1. e4 e5 2. Nf3 Nc6 3. Bc4 Bc5 4. c3 Nf6 5. d3 a6 6. a4 d6 7. h3 Ba7 8. O-O O-O
9. Nbd2 Kh8 10. b4 Ng8 11. Nb3 f5 12. b5 Nce7 13. Ng5 Qe8 14. bxa6 bxa6 15. Ne6
Bxe6 16. Bxe6 Qg6 17. exf5 Nxf5 18. Bxf5 Qxf5 19. Be3 Ne7 20. Bxa7 Rxa7 21. d4
Nd5 22. dxe5 Qxe5 23. Qd4 Qxd4 24. cxd4 Rb7 25. Nd2 Rb4 26. Nf3 a5 27. Rfc1 Kg8
28. Rc6 Ra8 29. Ng5 Rxd4 30. Ne6 Re4 31. Ng5 Re7 32. Rac1 h6 33. Nf3 Ra7 34.
Nd4 Nb4 35. R6c4 Rb7 36. Nc6 Nxc6 37. Rxc6 Ra7 38. f3 Kf7 39. Kf2 Ke6 40. Rb1
Kd7 41. Rbc1 Re6 42. g3 Rb7 43. R1c2 Ra7 44. Rc1 Rf6 45. Ke3 d5 46. Rxf6 gxf6
47. Kf4 Kd6 48. Kf5 c5 49. Kxf6 c4 50. f4 Kc5 51. g4 d4 52. g5 hxg5 53. fxg5 d3
54. g6 d2 55. Rg1 c3 56. g7 Rxg7 57. Kxg7 c2 0-1

[Event "Hastings Masters 2019/20"]
[Site "Hastings"]
[Date "2020.01.04"]
[Round "8.16"]
[White "De Boer, Bas"]
[Black "Petrov, Vladimir Sergeev"]
[Result "1/2-1/2"]
[WhiteElo "2138"]
[BlackElo "2355"]
[PlyCount "155"]
[EventDate "2019.12.28"]
[EventType "swiss"]
[EventRounds "9"]
[EventCountry "ENG"]

1. d4 Nf6 2. c4 e6 3. g3 d5 4. Nf3 Be7 5. Bg2 O-O 6. O-O dxc4 7. Qc2 a6 8. a4
Bd7 9. Qxc4 Bc6 10. Bg5 a5 11. Nc3 Na6 12. Rfd1 Nb4 13. Bxf6 Bxf6 14. e4 b6 15.
Rac1 Bb7 16. Qe2 g6 17. e5 Be7 18. h4 h5 19. Ne1 Bxg2 20. Nxg2 Kg7 21. Nf4 c6
22. Ne4 Rc8 23. Nh3 Rc7 24. Rd2 Rd7 25. Rcd1 Rb7 26. Nhg5 Qd5 27. Nf6 Qd8 28.
Nfe4 Rd7 29. f4 Rh8 30. Nf3 Qc8 31. Rc1 Qc7 32. Kg2 Rhd8 33. Rcd1 Qb7 34. Kh3
Qa6 35. Qg2 Nd5 36. Qe2 Qxe2 37. Rxe2 Nb4 38. Rc1 Rc7 39. Ned2 c5 40. Ne4 Rcd7
41. dxc5 Nd3 42. Rcc2 Nxc5 43. Nxc5 Bxc5 44. Red2 Kf8 45. Rxd7 Rxd7 46. Rd2
Rxd2 47. Nxd2 Ke8 48. Ne4 Kd7 49. Kg2 Be7 50. Kf3 Kc6 51. Ke3 Kd5 52. Kd3 Bd8
53. b3 Be7 54. Nc3+ Kc5 55. Ne4+ Kb4 56. Kc2 Bc5 57. Ng5 Bf2 58. Ne4 Be1 59.
Kb2 b5 60. axb5 Kxb5 61. Kc2 Kb4 62. Kb2 a4 63. bxa4 Kc4 64. Kc2 Kd4 65. Kd1
Bb4 66. Ng5 Ke3 67. Nxf7 Kf3 68. Nh8 Kxg3 69. Nxg6 Kg4 70. Kc2 Kf5 71. Kb3 Be1
72. Nf8 Bxh4 73. Kc4 Bg3 74. Kd3 h4 75. Ke2 Bxf4 76. Kf2 Bxe5 77. Kg2 Bg7 78.
Nxe6 1/2-1/2

[Event "Hastings Masters 2019/20"]
[Site "Hastings"]
[Date "2020.01.04"]
[Round "8.27"]
[White "Rudd, Jack"]
[Black "Sugden, John N"]
[Result "1-0"]
[WhiteElo "2331"]
[BlackElo "2065"]
[PlyCount "81"]
[EventDate "2019.12.28"]
[EventType "swiss"]
[EventRounds "9"]
[EventCountry "ENG"]

1. d4 Nf6 2. c4 e6 3. Nf3 b6 4. g3 Bb7 5. Bg2 Be7 6. O-O O-O 7. d5 exd5 8. Nh4
c6 9. cxd5 Nxd5 10. Nf5 Nc7 11. e4 d5 12. Nc3 Nba6 13. Bf4 Nc5 14. Qg4 g6 15.
b4 N5e6 16. Bxc7 Nxc7 17. b5 Nxb5 18. Nxb5 cxb5 19. Nxe7+ Qxe7 20. exd5 Qd6 21.
Qd4 Rac8 22. Rac1 Rc5 23. Rc3 Rfc8 24. Re3 Rc1 25. Rfe1 Rxe1+ 26. Rxe1 Rd8 27.
h4 Qf8 28. h5 Bc8 29. Qf4 Rd6 30. h6 f6 31. Qc1 Qd8 32. Qa3 a6 33. Re8+ Qxe8
34. Qxd6 Kf7 35. Qxb6 Qd7 36. d6 Ke6 37. Qc5 Bb7 38. Qe3+ Kf7 39. Qb3+ Kf8 40.
Bxb7 Qxb7 41. Qe6 1-0

[Event "Hastings Masters 2019/20"]
[Site "Hastings"]
[Date "2020.01.04"]
[Round "8.34"]
[White "Jukes, Sam"]
[Black "Fishbein, Mitch"]
[Result "0-1"]
[WhiteElo "1906"]
[BlackElo "2151"]
[PlyCount "72"]
[EventDate "2019.12.28"]
[EventType "swiss"]
[EventRounds "9"]
[EventCountry "ENG"]

1. e4 e5 2. Nf3 Nc6 3. Bc4 Nf6 4. d3 Be7 5. c3 O-O 6. Bb3 d6 7. O-O Na5 8. Bc2
c5 9. Nbd2 Nc6 10. Re1 Re8 11. Nf1 Bf8 12. h3 g6 13. N3h2 Bg7 14. Bg5 h6 15.
Bxf6 Bxf6 16. Ne3 Bg7 17. Ba4 Rf8 18. Bxc6 bxc6 19. Qa4 Qc7 20. Nc4 Be6 21. Nf1
Rfb8 22. Rab1 d5 23. exd5 cxd5 24. Qa5 Qxa5 25. Nxa5 Rb6 26. c4 d4 27. Nb3 Rc8
28. Nfd2 f5 29. f4 exf4 30. a4 Kf7 31. Nxc5 Rxc5 32. b4 Rc8 33. c5 Rbb8 34.
Rec1 Bf8 35. Nf3 a5 36. Ne5+ Kf6 0-1

[Event "Hastings Masters 2019/20"]
[Site "Hastings"]
[Date "2020.01.04"]
[Round "8.35"]
[White "Boino, Claudio"]
[Black "Miller, George"]
[Result "1/2-1/2"]
[WhiteElo "2146"]
[BlackElo "1845"]
[PlyCount "36"]
[EventDate "2019.12.28"]
[EventType "swiss"]
[EventRounds "9"]
[EventCountry "ENG"]

1. e4 d5 2. exd5 Nf6 3. d4 Bg4 4. Nf3 Qxd5 5. Be2 Nc6 6. c4 Qf5 7. O-O e6 8. a3
Bd6 9. Be3 h5 10. Nbd2 h4 11. Qb3 h3 12. g3 O-O-O 13. Qb5 Qg6 14. Qg5 Qh7 15.
Rac1 Be7 16. Bd1 Bf5 17. Qf4 Nh5 18. Ng5 Nxf4 1/2-1/2

[Event "Hastings Masters 2019/20"]
[Site "Hastings"]
[Date "2020.01.04"]
[Round "8.36"]
[White "Fryer, David W"]
[Black "Persson, Andreas"]
[Result "0-1"]
[WhiteElo "1913"]
[BlackElo "2112"]
[PlyCount "54"]
[EventDate "2019.12.28"]
[EventType "swiss"]
[EventRounds "9"]
[EventCountry "ENG"]

1. e4 e5 2. f4 exf4 3. Nf3 g5 4. h4 g4 5. Ne5 Nf6 6. d4 d6 7. Nd3 Nxe4 8. Qe2
Qe7 9. Bxf4 Nc6 10. c3 Bf5 11. Nd2 d5 12. g3 O-O-O 13. O-O-O Re8 14. Nxe4 Qxe4
15. Qh2 Qe6 16. Bg2 Nxd4 17. Rhe1 Ne2+ 18. Kd2 Bxd3 19. Kxd3 Nxf4+ 20. gxf4
Qf5+ 21. Kd2 Bd6 22. Rf1 Re6 23. Kc1 Re2 24. Rd2 Rhe8 25. Qg3 R8e3 26. Bf3 gxf3
27. Rd4 Qc2# 0-1

[Event "Hastings Masters 2019/20"]
[Site "Hastings"]
[Date "2020.01.04"]
[Round "8.37"]
[White "Jennings, Richard"]
[Black "Price, Gwilym"]
[Result "0-1"]
[WhiteElo "1903"]
[BlackElo "2110"]
[PlyCount "68"]
[EventDate "2019.12.28"]
[EventType "swiss"]
[EventRounds "9"]
[EventCountry "ENG"]

1. d4 Nf6 2. Bg5 c5 3. Bxf6 gxf6 4. e3 Qb6 5. Nf3 Qxb2 6. Nbd2 cxd4 7. Nxd4 Nc6
8. Rb1 Qc3 9. Rb3 Qa5 10. Rb5 Qc7 11. Nf5 a6 12. Rb3 d5 13. Ng3 Be6 14. Qb1
O-O-O 15. Bd3 d4 16. Bf5 Bxf5 17. Nxf5 e6 18. Ng3 dxe3 19. fxe3 h5 20. Nge4 f5
21. Nf2 Rg8 22. g3 h4 23. gxh4 f4 24. Nf3 fxe3 25. Rxe3 Qf4 26. Ke2 Bc5 27. Re4
Rd2+ 28. Nxd2 Qxf2+ 29. Kd1 Rg2 30. Qc1 Be3 31. Rxe3 Qxe3 32. Re1 Rg1 33. Nf1
Qf3+ 34. Kd2 Rg2+ 0-1

[Event "Hastings Masters 2019/20"]
[Site "Hastings"]
[Date "2020.01.04"]
[Round "8.38"]
[White "Ruane, Brendan J"]
[Black "Rice, Chris B"]
[Result "1/2-1/2"]
[WhiteElo "1882"]
[BlackElo "2027"]
[PlyCount "102"]
[EventDate "2019.12.28"]
[EventType "swiss"]
[EventRounds "9"]
[EventCountry "ENG"]

1. b3 e5 2. Bb2 Nc6 3. e3 d5 4. g3 Nf6 5. Bg2 Bg4 6. Ne2 Be7 7. d3 Qd7 8. h3
Be6 9. Nd2 g5 10. Nf3 g4 11. hxg4 Nxg4 12. a3 f6 13. Qd2 O-O-O 14. Neg1 Bd6 15.
Nh3 Qe7 16. Nh4 Rhg8 17. c4 dxc4 18. bxc4 Bc5 19. Be4 Qd7 20. O-O-O Kb8 21. Qe1
f5 22. Bf3 Qe7 23. Qc3 Nxf2 24. Nxf2 Bxe3+ 25. Kb1 Bxf2 26. Bxc6 bxc6 27. Qxe5
Qd6 28. Qe2 Bxg3 29. Nf3 Rde8 30. Qc2 Re7 31. Rh6 Rg6 32. Rdh1 Rxh6 33. Rxh6
Qf4 34. Rf6 Re8 35. Qg2 Bh4 36. Nxh4 Qxh4 37. Rxe6 Rxe6 38. Qg8+ Kb7 39. Qxe6
Qg4 40. d4 Qd1+ 41. Ka2 Qd3 42. Qf7 h5 43. Qxh5 Qxc4+ 44. Kb1 Qd3+ 45. Kc1 f4
46. Qd1 Qe3+ 47. Qd2 Qg1+ 48. Kc2 Qg6+ 49. Kd1 Qg1+ 50. Qe1 Qg2 51. Qb4+ Kc8
1/2-1/2

[Event "Hastings Masters 2019/20"]
[Site "Hastings"]
[Date "2020.01.04"]
[Round "8.39"]
[White "Norinkeviciute, Rasa"]
[Black "Metcalfe, Charlie P"]
[Result "1-0"]
[WhiteElo "2018"]
[BlackElo "1867"]
[PlyCount "81"]
[EventDate "2019.12.28"]
[EventType "swiss"]
[EventRounds "9"]
[EventCountry "ENG"]

1. c4 e5 2. g3 Nf6 3. Bg2 d5 4. cxd5 Nxd5 5. Nf3 Nc6 6. O-O Nb6 7. d3 Be7 8. a3
O-O 9. Nbd2 Be6 10. b3 f6 11. Bb2 Qd7 12. Re1 Rfd8 13. Rc1 Rab8 14. Qc2 Rbc8
15. Ne4 Nd4 16. Nxd4 exd4 17. b4 Bd5 18. Nc5 Bxc5 19. bxc5 Bxg2 20. Kxg2 Na4
21. Ba1 Qc6+ 22. Kg1 b5 23. cxb6 Qxc2 24. Rxc2 Nxb6 25. Rec1 Rd7 26. Rc5 Kf7
27. Kg2 Ke6 28. Rc6+ Kf5 29. R1c5+ Kg6 30. Ra5 Ra8 31. h4 Kf7 32. Bb2 Kg6 33.
Bc1 Re7 34. Kf3 a6 35. g4 Kf7 36. Bf4 Ra7 37. Rac5 Na4 38. Rc4 Nc3 39. e4 dxe3
40. Bxe3 Rxe3+ 41. fxe3 1-0

[Event "Hastings Masters 2019/20"]
[Site "Hastings"]
[Date "2020.01.04"]
[Round "8.40"]
[White "Varney, Zoe"]
[Black "Drastik, Penelope"]
[Result "1/2-1/2"]
[WhiteElo "2004"]
[BlackElo "1821"]
[PlyCount "55"]
[EventDate "2019.12.28"]
[EventType "swiss"]
[EventRounds "9"]
[EventCountry "ENG"]

1. e4 c5 2. Nf3 d6 3. c3 Nf6 4. Bd3 g5 5. Bc2 g4 6. Nh4 Bh6 7. d3 Bxc1 8. Qxc1
Nc6 9. Na3 Be6 10. f4 gxf3 11. Nxf3 Qd7 12. Qd2 O-O-O 13. d4 cxd4 14. cxd4 d5
15. e5 Ne4 16. Qe2 Rhg8 17. O-O-O Ng5 18. Kb1 Nxf3 19. gxf3 Bf5 20. Bxf5 Qxf5+
21. Nc2 Nb4 22. a3 Qxc2+ 23. Qxc2+ Nxc2 24. Kxc2 Rg2+ 25. Rd2 Rdg8 26. Rhd1 Kd7
27. Rxg2 Rxg2+ 28. Rd2 1/2-1/2

[Event "Hastings Masters 2019/20"]
[Site "Hastings"]
[Date "2020.01.04"]
[Round "8.41"]
[White "Garnett, John S"]
[Black "De Coverly, Roger D"]
[Result "0-1"]
[WhiteElo "1865"]
[BlackElo "1986"]
[PlyCount "48"]
[EventDate "2019.12.28"]
[EventType "swiss"]
[EventRounds "9"]
[EventCountry "ENG"]

1. e4 c5 2. Nc3 e6 3. g3 Nc6 4. Bg2 g6 5. d3 Bg7 6. Nge2 Nge7 7. O-O O-O 8. Be3
Nd4 9. Qd2 e5 10. Nd1 d5 11. Nxd4 cxd4 12. Bh6 dxe4 13. Bxg7 Kxg7 14. Bxe4 Bh3
15. Re1 Qc7 16. Rc1 f5 17. Bg2 Bxg2 18. Kxg2 f4 19. f3 Nf5 20. gxf4 Nh4+ 21.
Kg3 Rxf4 22. Re4 Rxf3+ 23. Kxh4 Qe7+ 24. Kg4 Raf8 0-1

[Event "Hastings Masters 2019/20"]
[Site "Hastings"]
[Date "2020.01.04"]
[Round "8.42"]
[White "Thatte, Nishchal"]
[Black "Burrows, Nick"]
[Result "0-1"]
[WhiteElo "1723"]
[BlackElo "1952"]
[PlyCount "132"]
[EventDate "2019.12.28"]
[EventType "swiss"]
[EventRounds "9"]
[EventCountry "ENG"]

1. e4 e6 2. d4 d5 3. Nd2 Nf6 4. e5 Nfd7 5. Bd3 c5 6. c3 Nc6 7. Ne2 cxd4 8. cxd4
f6 9. exf6 Nxf6 10. Nf3 Bd6 11. O-O O-O 12. Bf4 Nh5 13. Bxd6 Qxd6 14. Qc2 h6
15. Qd2 Bd7 16. Rac1 Rxf3 17. gxf3 Rf8 18. Qe3 Nf4 19. Nxf4 Rxf4 20. Rfd1 Rh4
21. a3 Qxh2+ 22. Kf1 Nxd4 23. Ke1 Qf4 24. Qxf4 Rxf4 25. Rc7 Nxf3+ 26. Ke2 Bc6
27. Bg6 Rf8 28. Re7 e5 29. Rh1 e4 30. Rh5 a6 31. Rh1 Nd4+ 32. Ke3 Nf5+ 33. Bxf5
Rxf5 34. Rg1 Rf7 35. Rxf7 Kxf7 36. Kd4 Kf6 37. Rh1 Kf5 38. Rh4 Kg5 39. Rh1 Kf5
40. Ke3 Ke5 41. Rh5+ Kf6 42. Rh2 Kf7 43. Kd4 Kg8 44. a4 Kh7 45. b4 g5 46. Kc5
Bxa4 47. Kxd5 Bc6+ 48. Ke5 Kg6 49. Rh3 h5 50. b5 Bxb5 51. Kxe4 g4 52. Rc3 h4
53. Kf4 Be2 54. Rc8 Bf3 55. Rg8+ Kf6 56. Rf8+ Ke6 57. Re8+ Kd5 58. Ke3 h3 59.
Rh8 Kc4 60. Kd2 Kb3 61. Kc1 Be4 62. f3 Bxf3 63. Kb1 a5 64. Ka1 Kc2 65. Rd8 h2
66. Rd5 h1=Q+ 0-1

[Event "Hastings Masters 2019/20"]
[Site "Hastings"]
[Date "2020.01.04"]
[Round "8.43"]
[White "Spanton, Tim R"]
[Black "Shivika, Rohilla"]
[Result "1-0"]
[WhiteElo "1951"]
[BlackElo "1744"]
[PlyCount "115"]
[EventDate "2019.12.28"]
[EventType "swiss"]
[EventRounds "9"]
[EventCountry "ENG"]

1. e4 e5 2. Nf3 Nc6 3. Bb5 a6 4. Bxc6 dxc6 5. d4 exd4 6. Qxd4 Qxd4 7. Nxd4 Bd6
8. Nc3 Ne7 9. Be3 f5 10. Nxf5 Nxf5 11. exf5 Bxf5 12. O-O-O O-O 13. h3 Bg6 14.
Rhe1 Rae8 15. f3 Rxe3 16. Rxe3 Bf4 17. Rde1 Re8 18. Nd1 Bxe3+ 19. Rxe3 Rxe3 20.
Nxe3 Kf7 21. Kd2 Ke6 22. f4 c5 23. g3 b5 24. c3 c4 25. Ng4 Bf5 26. Nf2 h5 27.
g4 hxg4 28. hxg4 Bb1 29. a3 Kd5 30. Ke3 Bc2 31. Nh3 Bd1 32. Nf2 Bc2 33. Kf3 g6
34. Kg3 Ke6 35. Kh4 Kf6 36. Nh3 Be4 37. Ng5 Bd5 38. Kg3 a5 39. Nf3 c6 40. Ne5
a4 41. Kf2 Bh1 42. Ke3 Bd5 43. Nf3 Ke6 44. Nh2 Bg2 45. Kd4 Kf6 46. Ke3 Ke6 47.
Nf3 Kd5 48. Ne5 Be4 49. Nxc6 Bc2 50. Nd4 Bd1 51. g5 Kc5 52. Ke4 Bg4 53. Ke5 Bd7
54. Ne6+ Kc6 55. Nf8 Bf5 56. Kf6 Kd5 57. Nxg6 Ke4 58. Ne7 1-0

[Event "Hastings Masters 2019/20"]
[Site "Hastings"]
[Date "2020.01.04"]
[Round "8.44"]
[White "Mineev, Sergey I"]
[Black "Ortiz Sanchez, Luis"]
[Result "1/2-1/2"]
[WhiteElo "1588"]
[BlackElo "1947"]
[PlyCount "108"]
[EventDate "2019.12.28"]
[EventType "swiss"]
[EventRounds "9"]
[EventCountry "ENG"]

1. d4 d6 2. c4 e5 3. dxe5 dxe5 4. Qxd8+ Kxd8 5. Nf3 f6 6. Nc3 c6 7. Bd2 Be6 8.
e3 Nd7 9. Be2 Kc7 10. Rc1 Nh6 11. O-O Nf7 12. Rfd1 Rd8 13. Be1 Kb8 14. Ne4 Be7
15. Bc3 Nb6 16. b3 Rxd1+ 17. Rxd1 Nd7 18. Kf1 Rd8 19. Ke1 Kc7 20. Rd2 b6 21. h3
Nc5 22. Nxc5 Bxc5 23. Rxd8 Kxd8 24. Bd3 h6 25. Ke2 Be7 26. Nh4 Nd6 27. Ng6 Bf7
28. Nxe7 Kxe7 29. Bb4 c5 30. Bc3 Be6 31. Kd2 Bd7 32. Ke2 Bc6 33. Kf1 Ke6 34.
Bc2 a5 35. h4 g5 36. hxg5 hxg5 37. f3 Ne8 38. e4 Nc7 39. g4 Kd6 40. Bd1 Be8 41.
Kf2 Na6 42. a4 Nb8 43. Ke3 Nd7 44. Kd3 Bg6 45. Bd2 Nb8 46. Bc3 Ke6 47. Ke3 Nc6
48. Kd3 Kd6 49. Ke3 Nb4 50. Bxb4 cxb4 51. Kd3 Kc5 52. Bc2 Be8 53. Bd1 Bd7 54.
Bc2 Bc6 1/2-1/2

[Event "Hastings Masters 2019/20"]
[Site "Hastings"]
[Date "2020.01.04"]
[Round "8.45"]
[White "Barton, R Alan"]
[Black "Verma, Shlok"]
[Result "1/2-1/2"]
[WhiteElo "1945"]
[BlackElo "1691"]
[PlyCount "56"]
[EventDate "2019.12.28"]
[EventType "swiss"]
[EventRounds "9"]
[EventCountry "ENG"]

1. Nf3 d5 2. d4 Nf6 3. e3 c5 4. c4 e6 5. Nc3 cxd4 6. exd4 Nc6 7. a3 a5 8. Bd3
Be7 9. O-O O-O 10. Re1 Re8 11. Bf4 dxc4 12. Bxc4 Nd5 13. Bxd5 exd5 14. Qb3 Bg4
15. Nxd5 Bxf3 16. Qxf3 Nxd4 17. Qe4 Bc5 18. Qxe8+ Qxe8 19. Rxe8+ Rxe8 20. Kf1
h6 21. Rc1 Ne6 22. Nc7 Nxc7 23. Bxc7 b6 24. Rd1 Kh7 25. Rd7 Kg6 26. Bd6 Bd4 27.
b3 Bc3 28. Be7 Bf6 1/2-1/2

[Event "Hastings Masters 2019/20"]
[Site "Hastings"]
[Date "2020.01.04"]
[Round "8.46"]
[White "Khoo-Thwe, Louis"]
[Black "Byrn, Carsten"]
[Result "1-0"]
[WhiteElo "1690"]
[BlackElo "1919"]
[PlyCount "123"]
[EventDate "2019.12.28"]
[EventType "swiss"]
[EventRounds "9"]
[EventCountry "ENG"]

1. e4 c5 2. Nf3 e6 3. d4 cxd4 4. Nxd4 a6 5. Nc3 b5 6. Be3 Bb7 7. a3 Qc7 8. Bd3
Nf6 9. f3 b4 10. Nce2 bxa3 11. bxa3 d5 12. e5 Nfd7 13. f4 Nc6 14. Nb3 Na5 15.
Ned4 Nc4 16. Bc1 a5 17. Qe2 a4 18. Nb5 Qb6 19. Bxc4 axb3 20. Bd3 bxc2 21. Be3
Nc5 22. Qxc2 Ba6 23. Rb1 Nxd3+ 24. Qxd3 Qa5+ 25. Bd2 Bxb5 26. Rxb5 Qxa3 27. Qc2
Qa6 28. Ra5 Rc8 29. Qa4+ Qc6 30. Qxc6+ Rxc6 31. Ra8+ Kd7 32. Ke2 Rc8 33. Rxc8
Kxc8 34. Ra1 Kb7 35. Be3 f6 36. Ra7+ Kb8 37. Ra6 fxe5 38. Rxe6 Ba3 39. fxe5 Rd8
40. Ra6 Bf8 41. Kd3 Rd7 42. e6 Rd8 43. Bg5 Re8 44. e7 Bxe7 45. Re6 Bxg5 46.
Rxe8+ Kc7 47. Re5 Bf4 48. Re7+ Kd6 49. Rxg7 Bxh2 50. Rxh7 Bg1 51. Rh6+ Ke5 52.
Rh5+ Ke6 53. g4 d4 54. Ke4 Be3 55. g5 Kf7 56. Kf5 Kg7 57. g6 d3 58. Rh7+ Kg8
59. Rd7 d2 60. Kf6 Bh6 61. Rd8+ Bf8 62. g7 1-0

[Event "Hastings Masters 2019/20"]
[Site "Hastings"]
[Date "2020.01.04"]
[Round "8.47"]
[White "Anuprita, Patil"]
[Black "Zheng, Jerry Z"]
[Result "1-0"]
[WhiteElo "2025"]
[BlackElo "1565"]
[PlyCount "133"]
[EventDate "2019.12.28"]
[EventType "swiss"]
[EventRounds "9"]
[EventCountry "ENG"]

1. d4 Nf6 2. Nf3 e6 3. e3 b6 4. Bd3 Bb7 5. O-O Be7 6. c4 O-O 7. Nc3 d6 8. b3
Nbd7 9. Bb2 h6 10. Re1 Re8 11. e4 e5 12. Nd5 Bf8 13. Bc2 Nxd5 14. exd5 Qf6 15.
h4 Re7 16. Qd3 g6 17. h5 Rae8 18. dxe5 Nxe5 19. Nxe5 dxe5 20. hxg6 Bg7 21.
gxf7+ Rxf7 22. Qh7+ Kf8 23. Ba3+ Ree7 24. Bxe7+ Kxe7 25. Re2 Kd8 26. Qg6 Bc8
27. Qxf6+ Bxf6 28. Rae1 Rg7 29. Re3 Kd7 30. Bf5+ Kd8 31. Bxc8 Kxc8 32. Rf3 Rg6
33. Ree3 Kd7 34. Rg3 Rxg3 35. Rxg3 Bg5 36. Rf3 a5 37. Rf7+ Kd6 38. g3 e4 39.
Kf1 Be7 40. Ke2 Bg5 41. Rg7 Bc1 42. Rg6+ Ke7 43. Re6+ Kf7 44. Rxe4 Ba3 45. Re6
Kg7 46. Kf3 Bd6 47. Ke4 Bc5 48. f4 Bb4 49. Kf5 Bd6 50. g4 Bc5 51. g5 hxg5 52.
fxg5 Bd6 53. Rxd6 cxd6 54. Ke6 Kg6 55. Kxd6 Kxg5 56. Ke6 Kf4 57. d6 Ke4 58. d7
Kf4 59. d8=Q b5 60. Qd4+ Kf3 61. Kf5 bxc4 62. bxc4 a4 63. Qd3+ Kf2 64. Kf4 a3
65. Qd2+ Kg1 66. Kg3 Kf1 67. Qf2# 1-0

[Event "Hastings Masters 2019/20"]
[Site "Hastings"]
[Date "2020.01.04"]
[Round "8.48"]
[White "Howell, Oliver W"]
[Black "Butt, Laurence"]
[Result "1/2-1/2"]
[WhiteElo "1928"]
[BlackElo "1694"]
[PlyCount "85"]
[EventDate "2019.12.28"]
[EventType "swiss"]
[EventRounds "9"]
[EventCountry "ENG"]

1. Nf3 f5 2. d4 Nf6 3. g3 e6 4. Bg2 d5 5. O-O Bd6 6. c4 c6 7. b3 Qe7 8. Bb2 O-O
9. Qc1 b5 10. Ne5 Bb7 11. Nd2 g5 12. Ndf3 g4 13. Qg5+ Qg7 14. Qxg7+ Kxg7 15.
Ne1 Nbd7 16. N1d3 Bxe5 17. dxe5 Ne4 18. Nf4 Ng5 19. cxd5 cxd5 20. Bd4 a5 21.
Rfc1 Rfc8 22. a3 Kf7 23. h4 gxh3 24. Nxh3 h6 25. Nxg5+ hxg5 26. e3 Ke7 27. Bf1
a4 28. Rxc8 Rxc8 29. Bxb5 axb3 30. Rb1 Bc6 31. Rxb3 Bxb5 32. Rxb5 Rb8 33. Rxb8
Nxb8 34. Kf1 Kd7 35. Ke2 Kc6 36. a4 g4 37. Kd3 Kb7 38. Kc2 Ka6 39. Kb3 Nc6 40.
Bc3 Kb6 41. Bd4+ Ka6 42. Ka3 Ka5 43. Kb3 1/2-1/2